| 000 | 01087nam0a22002531 4500 | ||
|---|---|---|---|
| 001 | rc\2809592 | ||
| 005 | 20230605113939.0 | ||
| 035 | _a(NLR Aleph) 006935461 | ||
| 090 |
_a7591447 _c7591447 |
||
| 100 | _a20110915d1936 |||y0rusy50 ca | ||
| 101 | 0 | _arus | |
| 102 | _aRU | ||
| 105 | _ay z ||||| | ||
| 200 | 1 |
_aКаким должен быть современный советский "Атлас по анатомии животных" _eПроект его содержания _fПроф. Б. К. Гиндце, зав. Кафедрой анатомии и гистологии С.-х. акад. им. К. А. Тимирязева |
|
| 210 |
_aМосква _cСельхозгиз _d1936 _g17 ф-ка нац. книги треста "Полиграфкнига" |
||
| 215 |
_aОбл., 23 с. _d19х13 см. |
||
| 333 | _aНа правах рукописи | ||
| 700 | 1 |
_aГиндце _bБ. К. _f1881-1953 _gБорис Константинович |
|
| 801 | 0 |
_aRU _bNLR _gpsbo |
|
| 801 | 1 |
_aRU _bELAR _2rusmarc |
|
| 852 |
_aNLR _j36-10/2278 |
||
| 942 | _cBOOK | ||
| 980 | _aNB | ||